Siemens Senseye: prediktívna údržba

Saved in:
Bibliographic Details
Main Author: Chaľ, Rajmund (Author)
Other Authors: Mrafko, Leo (Thesis advisor)
Format: Manuscript Book
Language:Slovak
Published: 2025
Subjects:
Online Access:http://is.stuba.sk/zp/portal_zp.pl?podrobnosti=184489
Tags: Add Tag
No Tags, Be the first to tag this record!

MARC

LEADER 00000ntm a22000003a 4500
001 stuzp102224
003 SK-STU
005 20250614211041.6
007 ta
008 150427s2015----xo-----f-mn---000-0-slo-d
040 |a STU  |b slo 
041 0 |a slo 
100 1 |a Chaľ, Rajmund  |u 031000  |4 aut  |U FEI Fakulta elektrotechniky a informatiky  |T FEI Ústav robotiky a kybernetiky  |X 111114  |U E011  |Y 356  |7 111114 
242 0 1 |a Siemens Senseye: Predictive Maintenance  |y eng 
245 1 0 |a Siemens Senseye: prediktívna údržba 
260 |c 2025 
650 4 |a PLC  |2 eng 
650 4 |a Siemens Senseye  |2 eng 
650 4 |a predictive maintenance  |2 eng 
650 4 |a Siemens Senseye  |2 slo 
650 4 |a PLC  |2 slo 
650 4 |a prediktívna údržba  |2 slo 
700 1 |a Mrafko, Leo  |u 031000  |k Z8  |4 ths  |U FEI Fakulta elektrotechniky a informatiky  |T FEI Ústav robotiky a kybernetiky  |X 4972  |U E011  |Y 356  |7 A000004972 
856 4 |u http://is.stuba.sk/zp/portal_zp.pl?podrobnosti=184489